Optimización de controladores PID de dos grados de libertad con dos factores de peso sobre el valor deseado

Kaydedildi:
Detaylı Bibliyografya
Yazar: Puwan Huang Villalobos, Esteban
Materyal Türü: Kitap
Baskı/Yayın Bilgisi: [San José, Costa Rica] 2006
Konular:
Etiketler: Etiketle
Etiket eklenmemiş, İlk siz ekleyin!

MARC

LEADER 00000nam a2200000Ia 4500
003 009860
005 20221231144111.0
008 140114s2006 cr a 000 ||s d
040 |c cru CEDI  
090 |a TFG 5387 
100 |a Puwan Huang Villalobos, Esteban  |9 4994 
245 |a Optimización de controladores PID de dos grados de libertad con dos factores de peso sobre el valor deseado 
260 |c 2006  |b [San José, Costa Rica] 
300 |a xiv, 134 hojas; ilustraciones (principalmente a color) 
500 |a Tesis (licenciatura en ingeniería eléctrica)--Universidad de Costa Rica. Facultad de Ingeniería. Escuela de Ingeniería Eléctrica, 
650 |x CONTROLADORES PID   |x  SERVOMECANISMOS  |x INVESTIGACIONES   |9 4995 
942 |c TFG 
999 |c 16888  |d 16888